00709nam a2200241Ia 4500003000400000005001700004008004100021020001900062040000700081041000800088082001300096100002600109245001900135260003100154300001200185365001300197650002100210650003600231906001800267942001200285999001900297952015100316OSt20230722093432.0210423s2011 xx 000 0 und d a978-1250003232 cAL aeng a823 SMIW aSMITH (Wilbur)991166 aThose in peril aLondonbPan Book Ltdc2011 a385bPB b325cINR aEconomics991167 aEconomics of Development991168 aperil ; Those 2ddccBK c160353d160353 001040708MAENGaSACPGbSACPGd2011-11-24eHigginbothams Pvt Ltdg325.00l1o823 SMIWpPG006832r2022-10-06 00:00:00s2022-09-26w2021-04-26yBK